000 00528nam a2200181Ia 4500
999 _c3108
_d3108
003 OSt
005 20200819120411.0
008 190216s9999||||xx |||||||||||||| ||und||
020 _a9788121905466
040 _coclc
082 _a541.3
_bBAH/E
100 _aBahl, B S
_94216
245 0 _aEssentials Of Physical Chemistry /
_cB S Bahl ; Arun Bahl ; G D Tuli
260 _bS Chand & Company,
_c2003.
_aNew Delhi:
300 _a1040p
650 _aChemistry
942 _cBK
_2ddc
_h541.3
_iBAH/E
_k541.3
_mBAH/E